Csorvás agrártörténete

Elmentve itt :
Bibliográfiai részletek
Szerző: Fazekas Sándor
További közreműködők: Baracs Gabriella (Témavezető)
Dokumentumtípus: Szakdolgozat
Megjelent: 2004
Kulcsszavak:Agrártörténet
Birtokviszonyok
Csorvás
Tárgyszavak:
Online Access:http://diploma.bibl.u-szeged.hu/101394
LEADER 00706nta a2200229 i 4500
001 dipl101394
005 20211126072741.0
008 211109s2004 hu om 0|| hun d
040 |a SZTE Diploma Repozitórium  |b hun 
041 |a hun 
100 1 |a Fazekas Sándor 
245 1 0 |a Csorvás agrártörténete  |h [elektronikus dokumentum] /  |c Sándor Fazekas 
260 |c 2004 
300 |a 67 
650 4 |a Agrár 
650 4 |a Agricultural sciences 
650 4 |a Other agricultural sciences 
695 |a Agrártörténet 
695 |a Birtokviszonyok 
695 |a Csorvás 
700 1 |a Baracs Gabriella  |e ths 
856 4 0 |u http://diploma.bibl.u-szeged.hu/id/eprint/101394/1/2004_fazekas_sandor.pdf  |z Dokumentum-elérés